Novelas escogidas de Lu Sin

Tallennettuna:
Bibliografiset tiedot
Aineistotyyppi: Kirja
Kieli:espanja
Julkaistu: Beijing Ediciones en Lenguas Extranjeras 1972
Aiheet:
Tagit: Lisää tagi
Ei tageja, Lisää ensimmäinen tagi!

MARC

LEADER 00000nam a2200000 a 4500
001 UCQ8235
003 CL-VaPUC
008 981209e19720000CH |||||||||||||||||spa|d
082 0 4 |a 895.103  |b NOV  |2 21 
245 1 0 |a Novelas escogidas de Lu Sin 
300 |a 325 p 
942 |c BK 
945 |d 19981209 00:00:00  |a cmena 
260 |a Beijing  |b Ediciones en Lenguas Extranjeras  |c 1972 
600 0 |a Lu, Sin,  |d 1881-1936  |9 422064 
650 7 |a NOVELAS CHINAS  |2 CL-VaPUC  |9 352596 
650 7 |a LITERATURA CHINA  |2 CL-VaPUC  |9 352595 
583 |a last modification  |c 19981209 00:00:00  |k Rodrigo Vera 
999 |c 277522  |d 277520 
952 |0 0  |1 0  |4 0  |6 895_103000000000000_NOV_1972  |7 0  |8 A  |9 315509  |a BIBGIM  |b BIBGIM  |d 2019-11-20  |i 1497979  |l 3  |m 2  |o 895.103 NOV 1972  |p 1497979  |r 2025-01-15  |s 2023-06-30  |w 2019-11-20  |y BK  |k ORI